| 000 | 01111nam a2200217Ia 4500 | ||
|---|---|---|---|
| 999 |
_c37883 _d37883 |
||
| 001 | 3861 | ||
| 003 | GE_BSU | ||
| 005 | 20190814160405.0 | ||
| 008 | 181216s2009||||ge |||||||||||||| ||geo|| | ||
| 020 | _a9994025694 | ||
| 040 | _cGE_BSU | ||
| 041 | _ageo | ||
| 080 | _a159.907 ფ-96 | ||
| 245 |
_aფსიქოლოგიური გამოკვლევები : _bკრ.3 / _cრედ.ბარამიძე ნოდარ, ჩაგანავა გურამ; შოთა რუსთაველის სახ. უნ–ტი სოც. მეცნ. ბიზნესისა და სამართალმცდნეობის ფაკ–ტი. |
||
| 264 |
_aბათუმი : _bშითა რუსთაველის სახ უნ–ტის გამ-ბა, _c2009. |
||
| 300 |
_a135 გვ.; _b 20 სმ. |
||
| 653 | _aფსიქოლოგია | ||
| 700 |
_aბარამიძე, ნოდარ _eრედაქტორი _9377 |
||
| 700 |
_aჩაგანავა, გურამ _eრედაქტორი _93597 |
||
| 942 |
_cBK _2udc |
||